Responses for show #1024 - Thursday, February 2, 1989

Contestants

Richard Beban, a writer from Malibu, California

Franny Moore-Kyle, a substitute teacher from Burbank, California

Curt Surls, a law clerk originally from Iowa Falls, Iowa (whose 1-day cash winnings total $8,000)

Jeopardy! Round responses

THE 50 STATES
KIDDIE LIT
INTERNATIONAL CUISINE
MUSIC MAKERS
TELEVISION
SPELLING
    $100 11
Cheyenne

Richard
    $100 9
Amy

Franny
    $100 13
Beef Stroganoff

Curt
    $100 8
Nat King Cole

Triple Stumper
    $100 3
Tattoo

Curt
    $100 1
S-O-P-H-O-M-O-R-E

Franny
    $200 17
Green Mountains

Curt
    $200 10
Oscar Wilde

Triple Stumper
    $200 14
wienerschnitzel

Curt
    $200 20
Elvis Presley

Richard
    $200 4
Rawhide

Richard
    $200 2
R-H-Y-T-H-M

Curt
    $300 18
counties

Richard
    $300 19
Thumbelina

Richard
    $300 15
(Richard: Uh, what is...darn. Bread pudding?)

Yorkshire pudding

FrannyRichard
    $300 21
salsa

Franny
    $300 5
Edie Adams

Richard
    $300 7
(Curt: What is A-P-P-E-R-T-I-F?)

A-P-E-R-I-T-I-F

Curt
Triple Stumper
    $400 24
New Mexico

Richard
    $400 22
coffin

Franny
    $400 16
(clay) oven

Curt
    $400 6
Kung Fu

Franny
    $400 27
(Curt: What is [*]?)
([after waiting for time to expire] Alex: You forgot the category. Spelling.)

M-E-R-I-N-G-U-E

CurtRichard
    $500 26
topaz

Triple Stumper
    $500 23
Jack Sprat

Franny
    $500 25
manicotti

Franny
    $600 12
The Thorn Birds

Richard

Scores at the first commercial break (after clue 12):

Curt Franny Richard
$0 $600 $1,200

Scores at the end of the Jeopardy! Round:

Curt Franny Richard
$500 $2,600 $2,500

Double Jeopardy! Round responses

EARLY AMERICANS
MODERN WRITERS
SCIENCE & NATURE
PIRATES
CLASSIC CINEMA
"SH"!
    $200 10
(Noah) Webster

Curt
    $200 6
Pierre Salinger

Richard
    $200 19
(Franny: What is 4?)

2

CurtFranny
    $200 21
the plank

Richard
    $200 1
A Night at the Opera

Curt
    $200 12
Shepard

Franny
    $400 14
Martha Washington

Curt
    $400 7
(George) Plimpton

Richard
    $400 22
North Star

Franny
    $400 27
hourglass

Richard
    $400 2
The Ten Commandments

Richard
    $400 13
shotput

Curt
    $600 15
(Richard: Who is John Marshall?)

John Jay

CurtRichard
    $600 8
Ray Bradbury

Franny
    $2,500 23
December

Franny
    $600 30
(Franny: Who is Bluebeard?)

Blackbeard

FrannyRichard
    $600 3
Clark Gable & Claudette Colbert

Richard
    $600 18
(Curt: What's a shin?)

shank

CurtRichard
    $800 16
Nathan Hale

Curt
    $800 9
Jason Miller

Triple Stumper
    $800 24
eggs

Franny
    $800 29
Henry Morgan

Triple Stumper
    $800 4
The Maltese Falcon

Curt
    $800 20
Shake

Richard
    $1000 17
Massachusetts

Curt
    $1000 11
Frederick Forsyth

Richard
    $1000 25
Mesozoic

Franny
    $1000 28
seadogs

Triple Stumper
    $1,300 5
(Curt: What is "Bringing Up Baby"?)

The Philadelphia Story

Curt
    $1000 26
sherpas

Curt

Scores at the end of the Double Jeopardy! Round:

Curt Franny Richard
$4,200 $7,300 $7,100

[wagering suggestions for these scores]

Final Jeopardy! Round responses

U.S. GOVERNMENT
(Franny's response and wager are unknown. $1 is plugged in to make this section work.)
CurtWhat is commerce?
$4,200
RichardWhat is the Treasury Department?
$7,000
Franny?
$1
Commerce

Final scores:

Curt Franny Richard
$8,400 $7,299 $100
2-day champion: $16,400 2nd place: Easy-Rest sofa & loveseat and Code-A-Phone answering device & phone 3rd place: Emerson bookshelf stereo system

Game dynamics:

Coryat scores:

Curt Franny Richard
$5,500 $5,400 $7,000
16 R,
4 W
(including 1 DD)
14 R
(including 1 DD),
2 W
19 R
(including 1 DD),
2 W

Combined Coryat: $17,900

The J! Archive is created by fans, for fans. The Jeopardy! game show and all elements thereof, including but not limited to copyright and trademark thereto, are the property of Jeopardy Productions, Inc. and are protected under law. This website is not affiliated with, sponsored by, or operated by Jeopardy Productions, Inc. Join the discussion at JBoard.tv.